00489nam a2200181 a 4500001001300000003000900013005001700022008004100039020002300080082001400103100001900117245005300136260003700189300000900226500003500235650001800270700001900288nice12345678IN_TiNIC20260116014347.0100329s2006 seca grp 000 0 eng  a9788173629518c22500a225bPHI2 aPhillips, John aExploring People of the Old Testament (volume 1) aSec-Bad bAuthentic Books c2006 a298p aincludes index and biblioraphy aOld Testament1 aPhillips, John